| 000 | 00783cam a2200205 i 4500 | ||
|---|---|---|---|
| 999 |
_c7550 _d7550 |
||
| 003 | OSt | ||
| 005 | 20200313050554.0 | ||
| 008 | 171017s2018 ii a b 001 0 eng d | ||
| 010 | _a 2017350320 | ||
| 020 |
_a9789386223999 _q(hardback) |
||
| 035 | _a(OCoLC)1020771087 | ||
| 082 | 0 | 4 |
_a294.5513 _223 _bPAL |
| 100 | 1 |
_aPaul, John Mohammad, _d1983- _eauthor. |
|
| 245 | 1 | 0 |
_aShaivism in ancient Kashmir : _ba historical and cultural study / _cJohn Mohammed Paul. |
| 300 |
_axii, 168 pages : _billustrations (black and white, and colour) ; _c28 cm |
||
| 504 | _aIncludes bibliographical references (pages 133-136) and index. | ||
| 650 | 0 |
_aKashmir Saivism _zIndia _zJammu and Kashmir _xHistory _yTo 1500. |
|
| 650 | 0 |
_aKashmir Saivism _xSocial aspects _zIndia _zJammu and Kashmir. |
|
| 942 | _2ddc | ||